| 000 | 00857cam a2200253 a 4500 | ||
|---|---|---|---|
| 001 | j 58006494 | ||
| 003 | DLC | ||
| 005 | 20260227111518.0 | ||
| 008 | 960912s1929 ja 000 0 jpn | ||
| 010 | _aj 58006494 | ||
| 035 | _a(CStRLIN)DCLP96-B14833 | ||
| 040 |
_aDLC _cDLC-R _dDLC-R _dDLC |
||
| 043 |
_aa-ja--- _aa-cc--- |
||
| 050 | 0 | 0 |
_aPL3041 _b.O4 1929 |
| 066 | _c$1 | ||
| 100 | 1 |
_6880-01 _aOkada, Masayuki, _d1864-1927. |
|
| 245 | 1 | 0 |
_6880-02 _aNihon Kanbungaku shi / _cOkada Masayuki cho. |
| 260 |
_6880-03 _aTōkyō : _bKyōritsusha, _cShōwa 4 [1929] |
||
| 300 |
_a680, [28] p. ; _c23 cm. |
||
| 650 | 0 |
_aChinese literature _xJapanese authors _xHistory and criticism. |
|
| 880 | 1 |
_6100-01/$1 _a岡田正之, _d1864-1927. |
|
| 880 | 1 | 0 |
_6245-02/$1 _a日本漢文學史 / _c岡田正之著. |
| 880 |
_6260-03/$1 _a東京 : _b共立社, _c昭和 4 [1929] |
||
| 999 |
_c34875 _d34875 |
||